Objavil som ďalšie dva druhy dinosaurov! slovenský Indiana Jones Martin (47)

Bibliographic Details
Main Author: Eperješiová, Eva (Author)
Format: Article
Language:Slovak
Subjects:

MARC

LEADER 00000nab a2200000 ar4500
001 vtls011717876
003 SK-MaSNL
005 20260303231455.0
008 171027c20170621xo mr|p|||||||000 b|slo
038 |a SNSK 
040 |b slo  |c SNSK  |e AACR2 
041 |a slo 
044 |a xo  |c SK 
080 |a 56  |2 2011 
080 |a 598.192  |2 2011 
080 |a 902  |2 2011 
100 1 |a Eperješiová, Eva  |4 aut  |9 1034675 
245 1 0 |a Objavil som ďalšie dva druhy dinosaurov!  |b slovenský Indiana Jones Martin (47)  |c Eva Eperješiová 
300 |b Fotogr. 
600 1 7 |a Kundrát, Martin,  |d 1969-  |2 snsk  |9 220088 
610 2 7 |a Univerzita Pavla Jozefa Šafárika v Košiciach.  |b Centrum interdisciplinárnych biovied  |2 snsk  |9 225950 
650 0 7 |a dinosaury  |2 snsk  |9 31671 
650 0 7 |a archeologické výskumy  |2 snsk  |9 74796 
651 7 |a Košice (Slovensko)  |2 snsk  |9 18694 
773 0 |t Nový Čas  |g Roč. 27, č. 142 (21.6.2017), s. 12-13  |x 1335-4655 
852 |a SNSK  |b KIS3GCP 
999 |c 2266821  |d 2268751